书目信息 |
| 题名: |
新起点大学基础英语教程自主综合训练4
|
|
| 作者: | 杨治中 编 | |
| 分册: | 4 | |
| 出版信息: | 外语教研 2007.07 |
|
| 页数: | 310页 | |
| 开本: | 20cm | |
| 丛书名: | ||
| 单 册: | ||
| 中图分类: | H31 | |
| 科图分类: | ||
| 主题词: | 英语 | |
| 电子资源: | ||
| ISBN: | 978-7-5600-6846-6 | |
| 000 | 00635nam0 2200229 45 | |
| 001 | 0959681288 | |
| 005 | 20091011163650.50 | |
| 010 | @a978-7-5600-6846-6@dCNY24.00 | |
| 100 | @a20090515d2007 ekmy0 y0120 ea | |
| 102 | @aCN@b130000 | |
| 102 | @aCN@b110000 | |
| 105 | @ay z 000yy | |
| 200 | 1 | @a新起点大学基础英语教程自主综合训练4@h4@f杨治中等编@Fyang zhi zhong deng bian |
| 210 | @c外语教研@d2007.07 | |
| 210 | @a北京@c外语教学与研究出版社 | |
| 215 | @a310页@d20cm | |
| 606 | 0 | @a英语 |
| 690 | @aH31@v4 | |
| 701 | 0 | @a杨治中@Ayang zhi zhong@4编 |
| 801 | 0 | @aCN@c20091011 |
| 905 | @a10447@dH31@eY3307:4 | |
| 906 | @d24@n1@r1 | |
| 新起点大学基础英语教程自主综合训练4.4/杨治中等编.-外语教研,2007.07.-北京:外语教学与研究出版社 |
| 310页;20cm |
| ISBN 978-7-5600-6846-6:CNY24.00 |
| ● |
| 相关链接 |
|
|
|
正题名:新起点大学基础英语教程自主综合训练4
索取号:H31/Y3307:4
 
预约/预借
| 序号 | 登录号 | 条形码 | 馆藏地/架位号 | 状态 | 备注 |
| 1 | 894238 | 208942386 | 语言库209/209语言库 89排2列3层/ [索取号:H31/Y3307:4] | 在馆 | |
| 2 | 894332 | 208943321 | 语言库209/209语言库 89排2列3层/ [索取号:H31/Y3307:4] | 在馆 | |
| 3 | 894333 | 208943330 | 语言库209/209语言库 89排2列3层/ [索取号:H31/Y3307:4] | 在馆 |